| 000 | 00995cam a2200229 4500 | ||
|---|---|---|---|
| 001 | ABS65803 | ||
| 008 | 020814n2002 000 0 eng u | ||
| 035 | _a(Sirsi) u119334 | ||
| 100 | _aBennett, J. | ||
| 245 | _aOut of the public eye | ||
| 260 | _c2002 | ||
| 490 |
_aEstates Gazette _v(0229) 20 July 2002, 142-143(2) |
||
| 520 | _aAdvises on how to negotiate the regulatory regimes surrounding the act of taking a publicly traded property company private. Governed by the City Code on Takeovers and Mergers, the regulations aim to protect investors in public companies and ensure that all target company shareholders are treated fairly and equitably. Sections look at what may stop a takeover and how some shareholders may get special deals. | ||
| 590 | _aABS | ||
| 650 | _aPUBLIC COMPANIES | ||
| 650 | _aPRIVATE COMPANIES | ||
| 650 | _aINVESTORS | ||
| 650 | _aTAKEOVERS | ||
| 650 | _aCITY CODE ON TAKEOVERS AND MERGERS | ||
| 690 | _aMANAGEMENT-BUSINESS MANAGEMENT | ||
| 942 | _n0 | ||
| 999 |
_c70954 _d70954 |
||